Software Engineering. Volume 1 : The Development Process

Gespeichert in:
Bibliographische Detailangaben
Weitere Verfasser: Thayer, Richard H. (Zusammenstellung), Dorfman, Merlin (Zusammenstellung)
Format: Buch
Sprache:Englisch
Veröffentlicht: Los Alamitos : Institute of Electrical and Electronics Engineers, 2002
Ausgabe:2.ed.
Schlagworte:
Tags: Tag hinzufügen
Keine Tags, Fügen Sie das erste Tag hinzu!

MARC

LEADER 00000nam a22000003a 4500
001 stu78899
005 20200911103813.8
008 030203s2002----xxu-----------------eng-d
020 |a 0-7695-1555-X 
040 |a STU  |b slo 
041 0 |a eng 
044 |a xxu 
080 |a 681.32.06 
080 |a 519.683 
084 |a C0310  |2 INS 
084 |a C6100  |2 INS 
084 |a C6110B  |2 INS 
100 1 |a Thayer, Richard H.  |4 com 
245 1 |a Software Engineering. Volume 1 :  |b The Development Process 
250 |a 2.ed. 
260 |a Los Alamitos :  |b Institute of Electrical and Electronics Engineers,  |c 2002 
300 |a 515 s 
650 7 |a softvérové inžinierstvo  |2 stusub 
650 7 |a programovacie metódy  |2 stusub 
650 7 |a programovanie  |2 stusub 
650 7 |a architektúra programových systémov  |2 stusub 
650 7 |a objektovo orientované programovanie  |2 stusub 
650 7 |a objektovo orientované systémy  |2 stusub 
700 1 |a Dorfman, Merlin  |4 com 
996 |b I24KN000125  |c I*20SI5446  |l II680  |s A  |a 24  |w stu78899_0001